| 000 | 01187nam a22002775i 4500 | ||
|---|---|---|---|
| 001 | 166180 | ||
| 003 | ES-MaACL | ||
| 005 | 20251118144839.0 | ||
| 008 | 970918s1847 sp a |||| | spa d | ||
| 080 | _a821.134.2-84"18" | ||
| 245 | 0 | 3 |
_aEl tesoro de los chistes _b: colección de epígramas, anécdotas, cuentos, chascarrillos, dichos y sentencias de hombres célebres y otras muchas cosas que podrán ver los que no sean ciegos / _cpor Juan Martínez Villergas y Ramón Satorres. |
| 260 |
_aMadrid : _b[s.n.], _c1847 ( _fLa Ilustración, Sociedad Tipográfica-Literaria Universal) |
||
| 300 |
_a639 p., [1] h. de lám. ; _c20 cm. |
||
| 490 | 1 | _aLa Ilustración | |
| 530 | _aDisponible en formato digital. | ||
| 599 | _aLám. litogr.: "Sainz, Ortega" | ||
| 650 | 4 |
_aChistes. _9138672 |
|
| 650 | 4 |
_aEpigramas. _9136006 |
|
| 650 | 4 |
_aAnécdotas. _9156026 |
|
| 700 | 1 |
_aMartínez Villergas, Juan, _d1817-1894 _978481 |
|
| 700 | 1 |
_aSatorres, Ramón. _9132493 |
|
| 830 | 1 |
_aLa Ilustración _9222526 |
|
| 852 | 4 |
_aES-MaACL _jG-6543 _z- Enc. pasta |
|
| 856 | 4 |
_uhttp://bdh-rd.bne.es/viewer.vm?id=0000038085&page=1 _zBiblioteca Digital Hispánica |
|
| 999 |
_c166180 _d166180 |
||